书目信息 |
| 题名: |
文科数学基础
|
|
| 作者: | 陈吉象 主编 | |
| 分册: | ||
| 出版信息: | 北京 高等教育出版社 2003.08 |
|
| 页数: | 498页 | |
| 开本: | 23cm | |
| 丛书名: | 普通高等教育“十五”国家级规划教材 | |
| 单 册: | ||
| 中图分类: | O13-43 | |
| 科图分类: | ||
| 主题词: | 高等数学--gao deng shu xue--高等学校--教材 | |
| 电子资源: | ||
| ISBN: | 7-04-011889-0 | |
| 000 | 01010cam 2200289 450 | |
| 001 | CAL 012003139530 | |
| 005 | 20050630165531.32 | |
| 010 | @a7-04-011889-0@dCNY 32.90 | |
| 099 | @aCAL 012003139530 | |
| 100 | @a20030912d2003 em y0chiy0121 ea | |
| 101 | 0 | @achi |
| 102 | @aCN@b110000 | |
| 105 | @aak a 000yy | |
| 200 | 1 | @a文科数学基础@Awen ke shu xue ji chu@f陈吉象主编 |
| 210 | @a北京@c高等教育出版社@d2003.08 | |
| 215 | @a498页@c图@d23cm | |
| 225 | 0 | @a普通高等教育“十五”国家级规划教材@Apu tong gao deng jiao yu “ shi wu ” guo jia ji gui hua jiao cai |
| 320 | @a有书目 (第498页) | |
| 330 | @a本书针对文科大学生特点设计编写的高等学校教材,内容包括离散的线性代数、连续的微积分、随机的概率统计等。 | |
| 410 | 0 | @12001 @a普通高等教育十五国家级规划教材 |
| 606 | 0 | @a高等数学@Agao deng shu xue@x高等学校@j教材 |
| 690 | @aO13-43@v4 | |
| 701 | 0 | @a陈吉象@Achen ji xiang@4主编 |
| 801 | 0 | @aCN@bTYUT@c20050630 |
| 801 | 2 | @aCN@bECN@c20040416 |
| 905 | @a10447@dO13-43@eC450 | |
| 998 | @aTYUT | |
| 文科数学基础/陈吉象主编.-北京:高等教育出版社,2003.08 |
| 498页:图;23cm.-(普通高等教育“十五”国家级规划教材) |
| ISBN 7-04-011889-0:CNY 32.90 |
| 本书针对文科大学生特点设计编写的高等学校教材,内容包括离散的线性代数、连续的微积分、随机的概率统计等。 |
| ● |
| 相关链接 |
|
|
|
正题名:文科数学基础
索取号:O13-43/C450
 
预约/预借
| 序号 | 登录号 | 条形码 | 馆藏地/架位号 | 状态 | 备注 |
| 1 | 538771 | 205387712 | 自科库401/401自科库 108排5列2层/ [索取号:O13-43/C450] | 在馆 | |
| 2 | 538772 | 205387721 | 自科库401/401自科库 108排5列2层/ [索取号:O13-43/C450] | 在馆 | |
| 3 | 538773 | 205387730 | 自科库401/401自科库 108排5列2层/ [索取号:O13-43/C450] | 在馆 |